000 00580nam a2200229Ia 4500
003 OSt
005 20220924145542.0
006 a|||||r|||| 00| 0
007 ta
008 220923b |||||||| |||| 00| 0 tel d
024 _a329301
037 _cTextual
040 _aARTS
_cARTS
_btel
041 _2tel
_atel
082 _aO,3x, 35J5.1-.4
100 _aAppalaswamy Au.
_9220032
245 0 _aViswakathafidhi
260 _c1951
650 _aENGLISH FICTION
942 _hO,3x, 35J5.1-.4
_cTEXL
_2CC
999 _c460463
_d460463